Opinion paper: Intersections of Organizational Management and Existential Themes: Insights from Mintzberg and Becker.

Článok syntetizuje vplyvné príspevky Mintzberga o manažérskych rolách spolu s existenčnými témami, ktoré skúmal Becker a podčiarkuje trvalý význam Mintzbergovho rámca uprostred súčasného obchodného prostredia formovaného technologickým pokrokom a organizačnými zmenami. Zdôrazňuje pretrvávajúcu výzvu...

ver descrição completa

Na minha lista:
Detalhes bibliográficos
Autor principal: Holý, Ján, 1980-
Outros Autores: Bolek, Vladimír, 1988-
Formato: Capítulo de Livro
Idioma:inglês
Assuntos:
Tags: Adicionar Tag
Sem tags, seja o primeiro a adicionar uma tag!

MARC

LEADER 00000naa$a2200000$$$4500
001 0305541
005 20241210124018.0
041 0 |a eng 
044 |a CZ 
245 1 0 |a Opinion paper: Intersections of Organizational Management and Existential Themes: Insights from Mintzberg and Becker.  |c Ján Holý, Vladimír Bolek 
520 |a Článok syntetizuje vplyvné príspevky Mintzberga o manažérskych rolách spolu s existenčnými témami, ktoré skúmal Becker a podčiarkuje trvalý význam Mintzbergovho rámca uprostred súčasného obchodného prostredia formovaného technologickým pokrokom a organizačnými zmenami. Zdôrazňuje pretrvávajúcu výzvu v plnom pochopení mnohostrannej úlohy manažérov napriek bohatým zdrojom profesionálneho rozvoja, pričom zdôrazňuje Mintzbergove empirické výskumy. 
610 2 0 |a riadenie podnikové 
610 2 0 |a manažéri 
610 2 0 |a štruktúra organizačná 
610 2 0 |a komunikácia elektronická 
610 2 0 |a technológie nové 
100 1 |a Holý, Ján, 1980- 
700 1 |a Bolek, Vladimír, 1988-